000 00327nam a2200133Ia 4500
005 20260326235503.0
008 260326s9999||||xx |||||||||||||| ||und||
100 _aJones, Anthony
245 0 _aCharles Rennie Mackintosh /
_cAnthony Jones
260 _bStudio Editions
300 _a191 p.
650 _aARQUITECTOS
942 _cBK
999 _c8100
_d8100